00581nam a2200193Ia 450000500170000000800410001704000190005804100120007708200150008910000240010424500510012825000160017926000370019530000450023250400500027765000120032765100380033985000100037720220803154600.0131103s9999 xx 000 0 und d aLoreto College aEnglish a551.5bTRE aTrewartha, Glenn T. 3aAn introduction to climatecGlenn T. Trewartha a3rd edition aNew YorkbMc - Graw - Hillc1954 a400 p.b ill.,fig., charts, maps, tables aIncludes bibliographical references and index aGeology aGeology - Climatology and weather aLCLIB